Contabilidad socio-ambiental en entidades que aplican la metodología Grameen (Registro nro. 6950)

Detalles MARC
000 -LEADER
fixed length control field 01356 a2200229 4500
001 - CONTROL NUMBER
control field 60381
005 - DATE AND TIME OF LATEST TRANSACTION
control field 20260407155854.0
008 - FIXED-LENGTH DATA ELEMENTS--GENERAL INFORMATION
fixed length control field 260407a2007 arg spa d
003 - CONTROL NUMBER IDENTIFIER
control field AR-UNSa-BCEJYS
040 ## - CATALOGING SOURCE
Original cataloging agency AR-UNSa-BCEJYS
Language of cataloging spa
Transcribing agency AR-UNSa-BCEJYS
080 ## - UNIVERSAL DECIMAL CLASSIFICATION NUMBER
Universal Decimal Classification number 657:338.58
Common auxiliary subdivision Contabilidad Social y Ambiental
020 ## - INTERNATIONAL STANDARD BOOK NUMBER
International Standard Book Number 978-950-34-0444-7
041 ## - LANGUAGE CODE
Language code of text/sound track or separate title spa
100 1# - MAIN ENTRY--PERSONAL NAME
Personal name Fernández Lorenzo, Liliana E.
245 10 - TITLE STATEMENT
Title Contabilidad socio-ambiental en entidades que aplican la metodología Grameen
Name of part/section of a work Una experiencia de extensión en la Asociación Barrios del Plata
264 #1 - PRODUCTION, PUBLICATION, DISTRIBUTION, MANUFACTURE, AND COPYRIGHT NOTICE
Place of production, publication, distribution, manufacture La Plata :
Name of producer, publisher, distributor, manufacturer (EDULP) Editorial de la Universidad Nacional de la Plata
Date of production, publication, distribution, manufacture, or copyright notice 2007
300 ## - PHYSICAL DESCRIPTION
Extent 175 p.
505 ## - FORMATTED CONTENTS NOTE
Formatted contents note 1. Contabilidad socio-ambiental - 2. La denominada "Metodología Graamen" - 3. Un caso testigo: Asociación civil "Barrios del Plata" - 4. Modelo de informe contable socio-ambiental para entidades que aplican la "Metodología Graamen" - 5. Reflexiones sobre la experiencia de aplicación del modelo de Balance Social - 6. Proyecto de extensión universitaria "Préstamos solidarios para la recuperación de la dignidad" - 7. Actividades desarrolladas por la Facultad de Ciencias Económicas UNLP - 8. Actividades desarrolladas por la Facultad de Ciencias Médicas UNLP
590 ## - LOCAL NOTE (RLIN)
Local note niveau_biblio:m niveau_hierar:0
700 1# - ADDED ENTRY--PERSONAL NAME
Personal name Geba, Norma Beatriz
942 ## - ADDED ENTRY ELEMENTS (KOHA)
Koha item type
Existencias
Withdrawn status Lost status Damaged status Not for loan Home library Current library Shelving location Date acquired Total checkouts Full call number Barcode Date last seen Price effective from Koha item type
        Biblioteca Prof. Eusebio Cleto del Rey Biblioteca Prof. Eusebio Cleto del Rey   07/04/2026   657:338.58 F363 L129136 07/04/2026 07/04/2026 Libro